|
|
|
|
| LEADER |
02964nam a2200793 i 4500 |
| 001 |
nkc20253668973 |
| 003 |
CZ PrNK |
| 005 |
20250310102350.0 |
| 007 |
ta |
| 008 |
250129s2024 xr a e p 000 0 cze |
| 015 |
|
|
|a cnb003668973
|
| 020 |
|
|
|a 978-80-244-6556-2
|q (brožováno)
|
| 035 |
|
|
|a (OCoLC)1505964603
|
| 040 |
|
|
|a BOA001
|b cze
|e rda
|
| 072 |
|
7 |
|a 27-5
|x Liturgie. Křesťanské umění a symbolika. Duchovní život
|2 Konspekt
|9 5
|
| 072 |
|
7 |
|a 37.016
|x Učební osnovy. Vyučovací předměty. Učebnice
|2 Konspekt
|9 22
|
| 080 |
|
|
|a 27-528-1
|2 MRF
|
| 080 |
|
|
|a 27-528
|2 MRF
|
| 080 |
|
|
|a 2-528(091)
|2 MRF
|
| 080 |
|
|
|a 27-53/-54
|2 MRF
|
| 080 |
|
|
|a 27-523.44
|2 MRF
|
| 080 |
|
|
|a 2-536
|2 MRF
|
| 080 |
|
|
|a 27-536
|2 MRF
|
| 080 |
|
|
|a 27-72-144
|2 MRF
|
| 080 |
|
|
|a 27-564
|2 MRF
|
| 080 |
|
|
|a 27-528.1/.8
|2 MRF
|
| 080 |
|
|
|a 27-1
|2 MRF
|
| 080 |
|
|
|a (075.8)
|2 MRF
|
| 100 |
1 |
|
|a Kopeček, Pavel,
|d 1964-
|7 xx0015810
|4 aut
|
| 245 |
1 |
0 |
|a Fundamentální liturgika :
|b křesťanské slavení: teologie, historie a pastorace /
|c Pavel Kopeček
|
| 250 |
|
|
|a 2., nezměněné vydání
|
| 264 |
|
1 |
|a Olomouc :
|b Vydavatelství Univerzity Palackého,
|c 2024
|
| 300 |
|
|
|a 447 stran :
|b ilustrace ;
|c 22 cm
|
| 336 |
|
|
|a text
|b txt
|2 rdacontent
|
| 337 |
|
|
|a bez média
|b n
|2 rdamedia
|
| 338 |
|
|
|a svazek
|b nc
|2 rdacarrier
|
| 500 |
|
|
|a Nad názvem: Univerzita Palackého v Olomouci, Cyrilometodějská teologická fakulta
|
| 504 |
|
|
|a Obsahuje bibliografii a bibliografické odkazy
|
| 650 |
0 |
7 |
|a liturgika
|7 ph122422
|2 czenas
|
| 650 |
0 |
7 |
|a křesťanská liturgie
|7 ph135474
|2 czenas
|
| 650 |
0 |
7 |
|a dějiny liturgie
|7 ph489368
|2 czenas
|
| 650 |
0 |
7 |
|a liturgické obřady
|7 ph122417
|2 czenas
|
| 650 |
0 |
7 |
|a liturgický prostor
|7 ph122421
|2 czenas
|
| 650 |
0 |
7 |
|a liturgické úkony
|7 ph933181
|2 czenas
|
| 650 |
0 |
7 |
|a liturgická symbolika
|7 ph138534
|2 czenas
|
| 650 |
0 |
7 |
|a comunio
|7 ph285151
|2 czenas
|
| 650 |
0 |
7 |
|a církevní rok
|7 ph114290
|2 czenas
|
| 650 |
0 |
7 |
|a křesťanské rity
|7 ph164940
|2 czenas
|
| 650 |
0 |
7 |
|a křesťanská teologie
|7 ph115064
|2 czenas
|
| 650 |
0 |
9 |
|a liturgics
|2 eczenas
|
| 650 |
0 |
9 |
|a Christian liturgy
|2 eczenas
|
| 650 |
0 |
9 |
|a history of liturgy
|2 eczenas
|
| 650 |
0 |
9 |
|a liturgical ceremonies
|2 eczenas
|
| 650 |
0 |
9 |
|a liturgical space
|2 eczenas
|
| 650 |
0 |
9 |
|a liturgical acts
|2 eczenas
|
| 650 |
0 |
9 |
|a liturgical symbolism
|2 eczenas
|
| 650 |
0 |
9 |
|a communion
|2 eczenas
|
| 650 |
0 |
9 |
|a church year
|2 eczenas
|
| 650 |
0 |
9 |
|a Christian rites
|2 eczenas
|
| 650 |
0 |
9 |
|a Christian theology
|2 eczenas
|
| 655 |
|
7 |
|a učebnice vysokých škol
|7 fd133772
|2 czenas
|
| 655 |
|
9 |
|a textbooks (higher)
|2 eczenas
|
| 710 |
2 |
|
|a Univerzita Palackého.
|b Cyrilometodějská teologická fakulta
|7 kn20010709370
|4 isb
|
| 910 |
2 |
|
|a BOA001
|b 2-1486.337
|
| 928 |
9 |
|
|a Univerzita Palackého v Olomouci
|
| 990 |
|
|
|a BK
|
| 995 |
|
|
|a 01
|
| 991 |
|
|
|b 202502
|c NOV
|
| 996 |
6 |
|
|b 2610994326
|c 2-1486.337
|l MZK
|r Sklad / do 1 hodiny
|n 1
|p p.v.
|w 001994151
|u 000010
|a 1
|e BOA001
|j MZK50
|s P
|